Statistics for Countries From Four Words #1

Click here to take the quiz!

General Stats

  • This quiz has been taken 451 times
  • The average score is 6 of 11

Answer Stats

Answer% Correct
Qatar
82%
Iran
78%
Iraq
78%
Tonga
56%
Algeria
51%
Niger
51%
Guinea
49%
Nigeria
49%
Nauru
44%
Angola
41%
Equatorial Guinea
26%

Score Distribution

Percentile by Number Answered

Percent of People with Each Score

Your Score History

You have not taken this quiz